| 000 -ლიდერი |
| ფიქსირებული სიგრძის საკონტროლო ველი |
01251nam a2200265Ia 4500 |
| 001 - საკონტროლო ნომერი |
| საკონტროლო ველი |
20493 |
| 003 - საკონტროლო ნომრის იდენტიფიკატორი |
| საკონტროლო ველი |
GE_BSU |
| 005 - ბოლო ოპერაციის თარიღი და დრო |
| საკონტროლო ველი |
20210104232950.0 |
| 008 - ფიქსირებული სიგრძის მონაცემთა ელემენტები - ზოგადი ინფორმაცია |
| ფიქსირებული სიგრძის საკონტროლო ველი |
181216s1980||||ge |||||||||||||| ||geo|| |
| 040 ## - კატალოგიზაციის წყარო |
| Transcribing agency |
GE_BSU |
| 041 ## - ენის კოდი |
| Language code of text/sound track or separate title |
geo |
| 080 ## - უნივერსალური ათობითი კლასიფიკაციის ინდექსი |
| Universal Decimal Classification number |
821.353.1(075.3) რ-21 |
| 100 ## - მთავარი ჩანაწერი - პიროვნების სახელი |
| Personal name |
რამიშვილი, ვ. |
| 9 (RLIN) |
9991 |
| 245 ## - ცნობა სათაურის შესახებ |
| Title |
მშობლიური ლიტერატურა : |
| Remainder of title |
მე-4კლ. სახელმძღვ. / |
| Statement of responsibility, etc |
ვ. რამიშვილი, კლ. დევდარიანი, შ. თაბუკაშვილი ; რედ. თ. ჯიჯეიშვილი. |
| 250 ## - გამოცემის ცნობა |
| Edition statement |
მე-10 გამოცემა |
| 264 ## - წარმოების, გამოცემის, დისტრიბუციის და სხვა ცნობები |
| გამოცემის, წარმოების, დისტრიბუციის... ადგილი |
თბილისი : |
| გამოცემის, წარმოების, დისტრიბუციის... სახელწოდება |
განათლება, |
| გამოცემის, წარმოების, დისტრიბუციის... თარიღი |
1980. |
| 300 ## - ფიზიკური აღწერა |
| Extent |
165 გვ. : |
| Other physical details |
ილ. 4 ფ. ილ. ; |
| Dimensions |
20 სმ. |
| 653 ## - INDEX TERM--UNCONTROLLED |
| Uncontrolled term |
მე-4კლ. სახელმძღვანელო |
| 653 ## - INDEX TERM--UNCONTROLLED |
| Uncontrolled term |
მშობლიური ლიტერატურა |
| 700 ## - ADDED ENTRY--PERSONAL NAME |
| Personal name |
დევდარიანი, კლ. |
| Relator term |
ავტორი |
| 9 (RLIN) |
9988 |
| 700 ## - ADDED ENTRY--PERSONAL NAME |
| Personal name |
თაბუკაშვილი, შ. |
| Relator term |
ავტორი |
| 9 (RLIN) |
9992 |
| 700 ## - ADDED ENTRY--PERSONAL NAME |
| Personal name |
ჯიჯეიშვილი, შ. |
| Relator term |
რედაქტორი |
| 9 (RLIN) |
9993 |
| 942 ## - ADDED ENTRY ELEMENTS (KOHA) |
| Koha item type |
წიგნი |
| Source of classification or shelving scheme |
|